Εισαγωγή στη σύγχρονη κοινωνιολογία
Saved in:
| Main Author: | |
|---|---|
| Other Authors: | |
| Format: | Book |
| Language: | Greek |
| Published: |
Αθήνα :
Παπαζήσης,
2009.
|
| Series: | Σύγχρονες κοινωνικές επιστήμες. Θεωρία και πράξη (Παπαζήσης)
|
| Subjects: | |
| Tags: |
Add Tag
No Tags, Be the first to tag this record!
|
MARC
| LEADER | 00000cam a2200000 i 4500 | ||
|---|---|---|---|
| 001 | 1/13378 | ||
| 008 | 110531s2009 gr | ||| |||| | gre|| | ||
| 020 | |a 9789600223897 | ||
| 035 | |l 10110177 | ||
| 040 | |a GR-MyUa |b gre |e AACR2 | ||
| 041 | 0 | |a gre | |
| 082 | 7 | |a 301 |2 (22) | |
| 100 | 1 | |a Δασκαλάκης, Δημοσθένης Ι., |d 1959- | |
| 245 | 1 | 0 | |a Εισαγωγή στη σύγχρονη κοινωνιολογία / |c Δημοσθένης Ι. Δασκαλάκης ; πρόλογος: Βασίλης Φίλιας. |
| 260 | |a Αθήνα : |b Παπαζήσης, |c 2009. | ||
| 300 | |a 549 σ. ; |c 23 εκ. | ||
| 490 | 1 | |a (Σύγχρονες κοινωνικές επιστήμες. Θεωρία και πράξη / Παπαζήσης) | |
| 504 | |a Περιέχει βιβλιογραφία. | ||
| 650 | 0 | |a Sociology. | |
| 700 | 1 | |a Φίλιας, Βασίλης Ι., |d 1927- |e aui | |
| 830 | 0 | |a Σύγχρονες κοινωνικές επιστήμες. |p Θεωρία και πράξη (Παπαζήσης) | |
| 852 | |a INST |b LESVOS |e 20110531 |h 301 ΔΑΣ |p 005100049003 |q 005100049003 |t BK |y 0 | ||
| 852 | |a INST |b LESVOS |c EUDOXUS |e 20140129 |h 301 ΔΑΣ |p 005100052610 |q 005100052610 |t EDX |y 0 | ||
| 852 | |a INST |b LESVOS |c EUDOXUS |e 20140129 |h 301 ΔΑΣ |p 005100052611 |q 005100052611 |t EDX |y 0 | ||
| 901 | |a BIBL1-2011-2 | ||
| 901 | |a BIBL1-2014-1 | ||
| 920 | |a Εύδοξος |y Λέσβος |z 2011-05 | ||
| 920 | |a Εύδοξος |b Παραγγελία |y Λέσβος-ΤΚ |z 2013-12 | ||
| 970 | |a Τζαφέρη |b Ευαγγελία |z 31/05/2011 | ||